000 00451nam a2200193Ia 4500
005 20240823054754.0
008 240823s9999||||xx |||||||||||||| ||und||
020 _a0-435-99931-1
041 _aENGLISH
082 _A371.207 P5
100 _aRick Rogers
245 0 _aHow to Write a School Development Plan
250 _a1st
260 _c2005
_b"Heinemann,L"
500 _aYES
650 _aGeneral
_bGeneral
942 _cBK
999 _c227242
_d227242